|
|
|
|
| LEADER |
02426nam a2200637 a 4500 |
| 001 |
nkc20051575197 |
| 003 |
CZ PrNK |
| 005 |
20090605173116.0 |
| 007 |
ta |
| 008 |
050818s2005 xr abh g f 000 0 cze |
| 015 |
|
|
|a cnb001575197
|
| 020 |
|
|
|a 80-7106-772-5
|q (váz.) :
|c Kč 295,00
|
| 035 |
|
|
|a (OCoLC)85158136
|
| 040 |
|
|
|a ABA001
|b cze
|
| 072 |
|
7 |
|a 551
|x Geologie. Meteorologie. Klimatologie
|2 Konspekt
|9 7
|
| 080 |
|
|
|a 504.4
|2 MRF
|
| 080 |
|
|
|a 550.34
|2 MRF
|
| 080 |
|
|
|a 551.21
|2 MRF
|
| 080 |
|
|
|a 504.4(091)
|2 MRF
|
| 080 |
|
|
|a 55(091)
|2 MRF
|
| 080 |
|
|
|a 551.211/.214
|2 MRF
|
| 080 |
|
|
|a 550.344.4
|2 MRF
|
| 080 |
|
|
|a 551.466.6
|2 MRF
|
| 080 |
|
|
|a (0.062)
|2 MRF
|
| 100 |
1 |
|
|a Jakeš, Petr,
|d 1940-2005
|7 jk01050668
|4 aut
|
| 245 |
1 |
0 |
|a Vlny hrůzy :
|b zemětřesení, sopky a tsunami /
|c Petr Jakeš, Jan Kozák
|
| 246 |
3 |
0 |
|a Zemětřesení, sopky a tsunami
|
| 250 |
|
|
|a Vyd. 1.
|
| 260 |
|
|
|a Praha :
|b NLN, Nakladatelství Lidové noviny,
|c 2005
|
| 300 |
|
|
|a 221 s. :
|b il. (některé barev.), mapy, faksim. ;
|c 22 cm
|
| 500 |
|
|
|a Kapitoly Zobrazování dynamických projevů Země, Historická vyobrazení zemětřesení a tsunami a Historická vyobrazení sopečné činnosti napsal Jan Kozák
|
| 504 |
|
|
|a Obsahuje bibliografii
|
| 650 |
0 |
7 |
|a přírodní katastrofy
|7 ph115995
|2 czenas
|
| 650 |
0 |
7 |
|a zemětřesení
|7 ph116772
|2 czenas
|
| 650 |
0 |
7 |
|a sopečná činnost
|7 ph116217
|2 czenas
|
| 650 |
0 |
7 |
|a sopečné erupce
|7 ph138737
|2 czenas
|
| 650 |
0 |
7 |
|a tsunami
|7 ph305439
|2 czenas
|
| 650 |
0 |
7 |
|a dějiny katastrof
|7 ph519296
|2 czenas
|
| 650 |
0 |
7 |
|a dějiny geologie
|7 ph484328
|2 czenas
|
| 650 |
0 |
9 |
|a history of disasters
|2 eczenas
|
| 650 |
0 |
9 |
|a history of geology
|2 eczenas
|
| 650 |
0 |
9 |
|a tsunamis
|2 eczenas
|
| 650 |
0 |
9 |
|a natural disasters
|2 eczenas
|
| 650 |
0 |
9 |
|a earthquake
|2 eczenas
|
| 650 |
0 |
9 |
|a volcanic activity
|2 eczenas
|
| 650 |
0 |
9 |
|a volcanic erruptions
|2 eczenas
|
| 655 |
|
7 |
|a populárně-naučné publikace
|7 fd131864
|2 czenas
|
| 655 |
|
9 |
|a popular works
|2 eczenas
|
| 700 |
1 |
|
|a Kozák, Jan,
|d 1938-
|7 xx0035385
|4 aut
|
| 856 |
4 |
1 |
|u http://www.digitalniknihovna.cz/mzk/uuid/uuid:6a8653f0-3fef-11e5-8851-005056827e51
|y Digitalizovaný dokument
|x NDK
|
| 910 |
2 |
|
|a BOA001
|b 2-1155.664
|
| 928 |
9 |
|
|a Nakladatelství Lidové noviny
|
| 990 |
|
|
|a BK
|
| 995 |
|
|
|a 01
|
| 991 |
|
|
|b 200509
|c NOV
|
| 996 |
6 |
|
|b 2610258083
|c 2-1155.664
|l MZK
|r Sklad / do 1 hodiny
|n 2
|p p.v.
|w 000783898
|u 000010
|a 1
|e BOA001
|j MZK50
|s P
|